| 000 | 00770cam a22002411 4500 | ||
|---|---|---|---|
| 001 | ne 68003538 | ||
| 003 | DLC | ||
| 005 | 20260227111847.0 | ||
| 008 | 890402s1924 xx f 000 0 ara | ||
| 010 | _ane 68003538 | ||
| 035 | _a(OCoLC)23519087 | ||
| 040 |
_aDLC _cMiU _dNNYU _dDLC |
||
| 042 | _apremarc | ||
| 050 | 0 | 0 |
_aDS135.I7 _bG45 |
| 100 | 1 |
_aGhanīmah, Yūsuf Rizq Allāh, _d1885-1950. |
|
| 245 | 1 | 0 |
_aNuzhat al-mushtāq fī tārīkh Yahūd al-ʻIrāq / _ctaʼlīf Yūsūf Rizq Allāh Ghanīmah. |
| 250 | _aal-Ṭabʻah al-ʼŪlā. | ||
| 260 |
_aBaghdād : _bMaktab al-ʻArabiyyah, _c1924. |
||
| 300 |
_a6, 224 p. : _bill. ; _c21 cm. |
||
| 504 | _aIncludes bibliographical references. | ||
| 650 | 0 |
_aJews _zIraq _xHistory. |
|
| 651 | 0 |
_aIraq _xEthnic relations. |
|
| 999 |
_c50791 _d50791 |
||